|
|
|
|
| LEADER |
01119nam a2200241 a 4500 |
| 001 |
GR-MES14866 |
| 008 |
090306s2006 gr 000 1 gre|c |
| 020 |
|
|
|a 9605172984
|
| 040 |
|
|
|a GrPaTEI
|b gre
|c GR-PaULI
|
| 084 |
|
|
|a Ξ
|
| 100 |
1 |
|
|a Hamilton, Lyn.
|
| 240 |
1 |
0 |
|a Xibalba murders.
|l Ελληνικά
|
| 245 |
1 |
3 |
|a Οι φόνοι του Σιμπαλμπά :
|b ένα αρχαιολογικό μυστήριο /
|c Lyn Hamilton ; μετάφραση Χρισττιάννα Σακελλαροπούλου.
|
| 260 |
|
|
|a Αθήνα :
|b Λυχνάρι,
|c 2006.
|
| 300 |
|
|
|a 284 σ. ;
|c 21 εκ.
|
| 500 |
|
|
|a Μετάφραση του: The Xibalba murders.
|
| 650 |
|
4 |
|a Μυθιστόρημα.
|
| 650 |
|
4 |
|a Ξένη λογοτεχνία.
|
| 700 |
1 |
|
|a Σακελλαροπούλου, Χριστιάννα Ελ.
|e μεταφράστρια.
|
| 942 |
|
|
|2 ddc
|
| 952 |
|
|
|0 0
|1 0
|2 ddc
|4 0
|6 Ξ_HAM
|7 0
|9 272747
|a MSLG
|b MSLG
|c BSC
|d 2021-01-17
|e 24
|f 0
|g 0.00
|l 0
|o Ξ HAM
|p 2420000023368
|r 2021-01-17 00:00:00
|t 1
|w 2021-01-17
|y BK15
|x 20090306 0 ΤΣΑΝΤΑΡΛΙΩΤΗ 1
|x GrPaTEI
|
| 971 |
|
|
|a .b25809155
|b 15-04-20
|c 13-09-16
|
| 999 |
|
|
|c 157794
|d 157794
|